MARC

Tag First Indicator Second Indicator Subfields
LEADER 00000cam a22000001a 4500
001 in00000257537
005 20190916101849.0
008 790321s1937 nmua 5 000 0 eng
010 |a  39004717  
035 |a (OCoLC)ocm05030633 
035 |a (OCoLC)05030633 
035 |9 ABC5254AM 
040 |a DLC  |b eng  |c DLC  |d OCLCQ  |d CGAVW  |d NMS  |d OCLCF  |d WTU  |d OCLCO  |d OCLCQ  |d OCL  |d OCLCA  |d TXA 
035 |a (OCoLC)5030633 
043 |a n-us-nm 
050 0 0 |a F801  |b .F32 1937 
082 0 0 |a 917.89 
049 |a TXAM  |c [81040] 
049 |a TXAM 
110 2 |a Federal Writers' Project.  |b New Mexico. 
245 1 0 |a Calendar of events /  |c compiled and written by Federal Writers' Project ; illustrated by Federal Art Project of New Mexico ; wood blocks designed and cut by Manville Chapman ; Lewie Ewing, Dale Casey of the Federal Art Project of New Mexico, assistants. 
246 1 4 |a Calendar of annual events in New Mexico 
264 1 |a Santa Fe, New Mexico :  |b Works Progress Administration :  |b Santa Fe Civic League and Chamber of Commerce,  |c 1937. 
300 |a 32 unnumbered pages :  |b color illustrations ;  |c 24 cm. 
336 |a text  |b txt  |2 rdacontent 
337 |a unmediated  |b n  |2 rdamedia 
338 |a volume  |b nc  |2 rdacarrier 
490 1 |a American guide series 
580 |a The Cushing Library/Lowman/Book Design copies form part of the Book Design Section of the Al Lowman Printing Arts Collection and Research Archive. 
580 |a One of the Cushing Library/Lowman/Book Design copies was acquired with "Santa Fe city map". 
651 0 |a New Mexico  |x Social life and customs  |v Calendars. 
650 0 |a Festivals  |z New Mexico  |v Calendars. 
650 0 |a Indians of North America  |z New Mexico  |v Calendars. 
650 0 |a Indian dance  |z North America  |v Calendars. 
650 7 |a Festivals.  |2 fast  |0 (OCoLC)fst00923329 
650 7 |a Indian dance.  |2 fast  |0 (OCoLC)fst00969101 
650 7 |a Indians of North America.  |2 fast  |0 (OCoLC)fst00969633 
650 7 |a Manners and customs.  |2 fast  |0 (OCoLC)fst01007815 
651 7 |a New Mexico.  |2 fast  |0 (OCoLC)fst01204269 
651 7 |a North America.  |2 fast  |0 (OCoLC)fst01242475 
655 7 |a Calendars  |2 fast  |0 (OCoLC)fst01423764 
655 7 |a Calendars.  |2 lcgft 
700 1 |a Chapman, Manville,  |e illustrator. 
710 2 |a Federal Art Project (New Mexico) 
710 1 |a United States.  |b Work Projects Administration,  |e issuing body. 
710 2 |a Santa Fe Chamber of Commerce (Santa Fe, N.M.),  |e sponsoring body. 
710 2 |a Santa Fe Civic League,  |e sponsoring body. 
740 0 |a Santa Fe city map. 
776 0 8 |i Online version:  |a Federal Writers' Project. New Mexico.  |t Calendar of events.  |d Santa Fe, N.M. : Works Progress Administration : Santa Fe Civic League and Chamber of Commerce, 1937  |w (OCoLC)1084466392 
773 0 |t Al Lowman Printing Arts Collection and Research Archive. 
830 0 |a American guide series. 
994 |a C0  |b TXA 
948 |a updated  |b h  |c 2019/9/16  |d c  |e nbehmer  |f 10:00:44 am 
999 f f |s e197d818-bba3-3ee1-b325-5ffa3d3a641c  |i 2be411a7-c028-3815-8904-e45c5132a7b9  |t 0 
952 f f |p ric  |a Texas A&M University  |b Rellis Campus  |c Joint Library Facility  |d Remote Storage  |t 0  |e F801 .F32  |h Library of Congress classification  |i unmediated -- volume  |m A14802318676 
952 f f |p noncirc  |a Texas A&M University  |b College Station  |c Cushing Memorial Library & Archives  |d Cushing: Lowman (Does not check out)  |t 0  |e F801 .F32 1937  |f Vertical file  |h Library of Congress classification  |i unmediated -- volume 
952 f f |p noncirc  |a Texas A&M University  |b College Station  |c Cushing Memorial Library & Archives  |d Cushing: Lowman (Does not check out)  |t 0  |e F801 .F32 1937  |f Vertical file  |h Library of Congress classification  |i unmediated -- volume 
998 f f |a F801 .F32  |t 0  |l Remote Storage 
998 f f |a F801 .F32 1937  |t 0  |l Cushing: Lowman (Does not check out) 
998 f f |a F801 .F32 1937  |t 0  |l Cushing: Lowman (Does not check out)